Criminal Nicknames Quiz Stats

 Plays Quiz Updated Oct 18, 2017

Score 0/16 Timer 05:00
0 Plays Today
Nickname Actual Name % Correct
ScarfaceAl Capone
71.9%
Pretty BoyCharles Arthur Floyd
47.9%
Machine GunGeorge Kelly
45.1%
LuckyCharles Luciano
41.9%
Killer ClownJohn Wayne Gacy
38.4%
Campus Killer/Lady KillerTed Bundy
38.4%
Milwaukee CannibalJeffrey Dahmer
38.3%
Doctor DeathJack Kevorkian
36.9%
Nickname Actual Name % Correct
BugsyBenjamin Siegel
36.3%
Son of SamDavid Berkowitz
35.6%
Teflon DonJohn Gotti
33.6%
Unabomber Theodore Kaczynski
24.2%
Night StalkerRichard Ramirez
20.6%
Billy the KidHenry McCarty
17.8%
BTK killerDennis Rader
10.5%
Green River KillerGary Ridgway
5.6%

You're not logged in!

Compare scores with friends on all Sporcle quizzes.
OR
Log In

Sporcle TV

Today on Sporcle TV


Watch our educational content, quiz creation guides, and fun videos on Sporcle TV.

Show Comments

Extras

Top Quizzes Today


Score Distribution

Your Account Isn't Verified!

In order to create a playlist on Sporcle, you need to verify the email address you used during registration. Go to your Sporcle Settings to finish the process.

Report this User

Report this user for behavior that violates our Community Guidelines.

Details: